British Icons - Statistics

General Stats
  • This quiz has been taken 59 times
  • The average score is 27 of 48
Answer Stats
Hint Answer % Correct
beheaded wife Anne Boleyn
88%
oliver twist author Charles Dickens
88%
wartime prime minister politician Winston Churchill
88%
part of beatles singer Paul McCartney
87%
origin of species biologist, author Charles Darwin
85%
tudor queen virgin queen elizabeth I
83%
gravity physicist Isaac Newton
81%
part of Rolling stones singer Mick Jagger
81%
sherlock, doctor strange actor benedict Cumberbatch
79%
planet earth, frozen planet tv presenter David Attenborough
79%
britains got talent, america's got talent music Mogul Simon Cowell
77%
ziggy stardust singer David Bowie
75%
Magna Carta King John
73%
titanic actor Kate Winslet
73%
a brief history of time physicist Stephen Hawking
73%
valerie, back to black singer Amy Winehouse
69%
sherlock author Arthur Conan Doyle
67%
Sound of music actor Julie andrews
67%
Scottish, Braveheart rebel William Wallace
67%
bridget jones, notting hill actor Hugh Grant
65%
harry potter, Comoran Strike author J K Rowling
65%
found Penicilin scientist, biologist Alexander Fleming
63%
enigma code mathematician Alan Turing
62%
bridget jones, pride and prejudice actor Colin Firth
62%
literary character written by ACD detective Sherlock Holmes
62%
hercule Poirot author Agatha Christie
60%
Elizabeth II partner Husband Philip
60%
harry potter, die hard actor Alan Rickman
58%
harry potter, Nanny Mcphee author and actor Emma thompson
58%
time lord from gallifrey sci fi show _ who the Doctor
58%
castle on the hill, bad habits singer Ed Sheeran
52%
Strictly come dancing tv host Bruce Forsyth
46%
nine day queen nine day queen Lady Jane Grey
46%
professor X actor Patrick Stewart
46%
a quiet place actor Emily Blunt
40%
Eurovision Narrator tv host Terry Wogan
40%
singer of rock band singer freddie Mercury
35%
harry potter actor Maggie Smith
35%
pushed for the aboltion of slave trade politician william Wilberforce
31%
gandalf, Magneto actor Ian Mckellan
29%
tracy beaker, hetty feather author Jacqueline Wilson
27%
war horse author Michael Morpurgo
27%
now you see me, kingsman actor Michael Caine
25%
shakespeare in love actor Judi Dench
23%
rock band guitarist Brian May
21%
Lost american revolution king George IV
21%
victorian mathematician Ada Lovelace
15%
woman in gold actor Helen Mirren
10%
No matching quizzes found
Score Distribution
Percent of People with Each Score
Percentile by Number Answered
Your Score History
You have not taken this quiz